000
00286nam a22001337a 4500
008
181218b xxu||||| |||| 00| 0 eng d
020
_a
2900415584929
041
_a
eng
080
_a
081
100
_a
25
101
_a
teo
245
_a
Islam The Basics
_c
Turner.c
942
_2
udc
_c
BK
999
_c
53436
_d
53436